header

Career success : (Record no. 258928)

MARC details
000 -LEADER
fixed length control field 00478nam a22001577a 4500
003 - CONTROL NUMBER IDENTIFIER
control field OSt
005 - DATE AND TIME OF LATEST TRANSACTION
control field 20200803155548.0
008 - FIXED-LENGTH DATA ELEMENTS--GENERAL INFORMATION
fixed length control field 200803b xxu||||| |||| 00| 0 eng d
020 ## - INTERNATIONAL STANDARD BOOK NUMBER
International Standard Book Number 1418049271 (alk. paper) 9781418049270 (alk. paper)
040 ## - CATALOGING SOURCE
Transcribing agency n/a
050 ## - LIBRARY OF CONGRESS CALL NUMBER
Classification number HF5382.7
Item number .H48 1999
100 ## - MAIN ENTRY--PERSONAL NAME
Personal name Hess Peter M.
245 ## - TITLE STATEMENT
Title Career success :
Remainder of title right here, right now!
Statement of responsibility, etc Peter M. Hess.
260 ## - PUBLICATION, DISTRIBUTION, ETC. (IMPRINT)
Place of publication, distribution, etc Clifton Park, NY :
Name of publisher, distributor, etc Thomson Delmar Learning,
Date of publication, distribution, etc 1999
942 ## - ADDED ENTRY ELEMENTS (KOHA)
Source of classification or shelving scheme Library of Congress Classification
Koha item type Long Loan Books
Holdings
Withdrawn status Lost status Source of classification or shelving scheme Damaged status Not for loan Collection code Home library Current library Shelving location Date acquired Total Checkouts Full call number Barcode Date last seen Date checked out Price effective from Koha item type
    Library of Congress Classification     Non-fiction Rongo University Library Rongo University Library General Stacks 03/08/2020 4 HF5382.7 .H48 1999 201615689 10/02/2025 14/12/2024 03/08/2020 Long Loan Books

© 2026 Rongo University
Contact us: librarian | system librarian | Rongo university